000 00918nam a2200301 i 4500
003 EG-GICUC
005 20260121101453.0
008 251213s1976 sw ||||fr ||| 00| 0 eng d
020 _a9122000720
040 _aEG-GICUC
_cEG-GICUC
_dEG-GICUC
_erda
_beng
041 0 _aeng
082 0 4 _221
_a341.23
_bZE . U
092 0 4 _221
099 _aLaw1 11 341.23 ZE . U 1976
100 1 _aM.Zeidan,Abdel-Latif
_eAuthor.
245 1 2 _aThe United Nations Emergency Force 1956-1967 /
_cAbdel-Latif M.Zeidan .
264 0 _aSweden :
_bStockholm University ,
_c1976 .
300 _a32 Pages;
_c30 cm.
336 _atext
_2rda content
337 _aComputer
_2rda media
338 _aOnline Resource
_2rda carrier
546 _aText in English
650 0 4 _aPublic international law
650 0 4 _aUnited Nations
856 _uhttps://fll.law.cu.edu.eg/fulltext/th/B11-05222.pdf
905 _a59
942 _2ddc
_cBK
_e21
_n0
999 _c49913
_d49913